Vista normal
Vista MARC
- Ostrosky, Feggy
Entrada Personal Name
Número de registros utilizados en: 1
001 - CONTROL NUMBER
- control field: 57028
003 - CONTROL NUMBER IDENTIFIER
- control field: OSt
005 - DATE AND TIME OF LATEST TRANSACTION
- control field: 20191122164635.0
008 - FIXED-LENGTH DATA ELEMENTS
- fixed length control field: 191122|| aca||aabn | a|a d
040 ## - CATALOGING SOURCE
- Original cataloging agency: OSt
- Transcribing agency: OSt
100 ## - HEADING--PERSONAL NAME
- Personal name: Ostrosky, Feggy
670 ## - SOURCE DATA FOUND
- Source citation: Work cat.: (OSt)3574: Ostrosky, Feggy, Mentes asesinas: la violencia en tu cerebro, 2011